[Event "Douglas IoM op"]
[Site "Douglas"]
[Date "2017.09.28"]
[Round "6"]
[White "Sutovsky, Emil"]
[Black "Caruana, Fabiano"]
[Result "1/2-1/2"]
[WhiteElo "2683"]
[BlackElo "2799"]
[Annotator "Sutovsky,E"]
[PlyCount "110"]
[EventDate "2017.09.23"]
[EventType "swiss"]
[EventRounds "9"]
[EventCountry "IOM"]
[SourceTitle "CBM 182"]
[Source "ChessBase"]
[SourceDate "2018.01.17"]
[SourceVersion "1"]
[SourceVersionDate "2018.01.17"]
[SourceQuality "1"]

{This game was played in round six of the magnificent and extremely strong
chess.com Isle of Man tournament. We were both on 4/5 - hardly a surprising
result for Fabiano, and very decent for myself. Still I had no reason to rest
on my laurels, especially while you don't get any laurels with +3 score in an
Open tournament, even as strong as the one we were playing. Both of us were in
a fighting mood - I had White, and a very good record in our classical
encounters before, whilst Caruana is Caruana, and he was possibly feeling - it
is a good chance for him - after all, what could be a better pairing than to
face an ambitious but objectively weaker player?} 1. e4 c6 {A rare choice for
him, but I managed to guess it correctly. The Caro-Kann might sometimes be
boring, but according to Kasparov - there is no better weapon to meet a
musketeer, who is out for a big tussle. Not sure I still qualify for
D'Artagnian, but there is also Porthos with the similar body build, and the
famous motto "I fight because I fight"...} 2. d4 d5 3. Nc3 {Cunning choice. I
usually opt for 3.e5, but I was sure that Fabiano would be well-prepared there,
and opted for a more solid move. So far.} dxe4 4. Nxe4 Bf5 5. Ng3 Bg6 6. h4 h6
7. Nf3 e6 (7... Nd7 {is the main one, but the move made by Caruana is not only
possible, but leads to potentially sharper positions.}) 8. Ne5 Bh7 9. Bd3 Bxd3
10. Qxd3 Nd7 11. Bf4 {Another move here is 11.f4 - but I had tried it once
against Eljanov - without any success, and knew that Fabiano would be ready to
meet it. After the bishop's move, my opponent started thinking for the first
time in this game.} Qa5+ (11... Nxe5 12. Bxe5 Nf6 {is also possible, but Black
usually tends to include ...Qa5+ in these setups, as long as White has to
reply with c2-c3.}) 12. c3 Ngf6 {And here he thought for even longer. The main
theory is 12...Nxe5 13.Bxe5 Nf6, when Black usually equalises with precise
play. But Fabiano either wanted to provoke me, or he simply thought there is
no point to allowing my bishop to e5 - and after due consideration made the
inferior move, which leaves White with more options.} 13. O-O (13. Nc4 Qd5 14.
O-O {was another, option, but 13...Qd8 was a move I didn't like, hence I
decided not to force the matters so far and to complete my preparations, as
Black can't release the pressure.}) 13... Be7 (13... Nxe5 14. dxe5 {would
favour White - that's why they take on e5 before developing the knight from g8.
}) 14. Nc4 $1 {And now it's time to ask the black queen about her intentions.}
Qd5 (14... Qd8 15. Nd6+ Bxd6 16. Bxd6 {is not as bad as it looks, but White is
better here, even if the engines are not over-enthusiastic. But that's a kind
of +0.25 I will take any day. Any time. Against anybody.}) 15. Ne3 {Too
impatient. A simple 15.Rfe1 would be better for White, and even significantly
better, if we ask its majesty. But I thought 15.Ne3 is a nice idea - if he
goes back to a5, I can repeat once and then consider other moves, and if he
goes to b5...} Qb5 16. c4 Qa5 (16... Qa6 {is stronger. I thought 17.Rad1
followed by eventual d4-d5 (possibly after removing the queen from exchange)
is very good for White, however engines suggest Black is holding here. Not
that I am entirely convinced, but probably it is correct. The move made by
Fabiano seems logical, and the queen on a5 looks nice, but here I have the
powerful continuation which I had in mind before playing 15.Ne3.}) 17. b4 $1
Qd8 {Played after a prolonged thought. Objectively it might be not the
strongest, but other possibilities seemed more dangerous for Black:} (17...
Bxb4 18. c5 O-O 19. Rab1 {looks just lost, but even if Black can survive
somehow, it is not human to opt for the line.}) (17... Qxb4 18. Rfb1 Qa4 19.
Rxb7 {looks very unpleasant}) (17... Qa4 $1 {probably the strongest. Now White
has several tempting options, but there is no decisive breakthrough. However
the queen on a4 is just out of the game, so Caruana's decision to get it back
is fully understandable.}) 18. d5 Nf8 $1 {Brilliant defensive resource. White
can obtain a huge advantage here with the most precise play, and I knew it was
a case, as the logic of chess simply requires that, but working out the exact
sequence turned out to be an insurmountable task.} 19. h5 $1 {The first step
is correct. Restricting his knight, sacrificing a pawn is correct, but when he
reroutes the knight with} exd5 {I didn't find the only way to obtain a winning
position. No surprise - it was very difficult one.} 20. Nef5 (20. Rad1 $3 Ne6
21. Be5 O-O 22. Ngf5 $1 {was the way, and I briefly considered it - as well as
another dozen of options, but it was nearly impossible to understand, that it
is precisely here, when all the lines work - the main one being} Bxb4 (22...
Re8 {I wasn't sure about a move of this kind - looks like White has nothing
better than a total exchange, but} 23. cxd5 $1 cxd5 (23... Nxd5 24. Bxg7 $1)
24. Bxf6 $1 Bxf6 25. Nxd5 Kh8 26. Qc4 $1 Rc8 27. Qg4 {and White's domination
secures a decisive advantage.}) 23. cxd5 Nxd5 24. Qb3 $3 Bc5 25. Nxd5 cxd5 26.
Rxd5 Qg5 (26... Qb6 27. Qg3 $1) 27. Nxg7 $1 Nxg7 28. Bb2 Qg4 29. Rxc5 {and
White should be able to convert it, although the technical part won't be easy.
Now, how was I supposed to find it? Not quite clear to me.  I have loads of
seemingly good and very good possibilities on move 20. No Kotov theories work
here. Each candidate move requires a lot of time to calculate and access
properly - how to deal with that even given the fact that the clocks are not
ticking anymore? No answer. I think the art of choosing a move in a complex
position like that deserves a separate book. But who would write it? It is
much easier to assign 100-200 puzzles, to check them with the computer, to
meat it up with some words, and to deserve the appreciation of thousands. Much
easier than to deal with the really deep topics. Well, that is how the
invisible hand of the market works. So, we are left with our modest ability to
calculate, evaluate and rely on our intuition... But there is a good side of
it - imagine we were playing a game, where everything can be explained,
learned and memorized?}) 20... Ne6 21. Be5 O-O 22. Nxh6+ {This looked good,
although I didn't see a win here. And there is no win. White plays logically,
but Black is in time to parry all the threats and equalise. Move 20 was really
the turning point.} gxh6 23. Nf5 Ng7 {Human choice.} ({Another option is} 23...
dxc4 {and here I planned} 24. Qc2 $1 {with the killing threat of Rad1. Too
good to be true. He can't play ...Qd3, as the bishop on e7 is hanging, but
after the only move} (24. Nxh6+ Kg7 $1 25. Nf5+ Kh7 $1 {subtle one - I was
sort of proud seeing it during the game. Now} 26. Qb1 (26. Qc2 Qd3) 26... Qd3 {
leads to a big advantage for black, who returns a piece but liquidates to a
very good ending.}) (24. Qg3+ Kh7 25. Rfd1 Nd5 {and there is no mate, and no
piece.}) 24... Ng4 $1 25. Rad1 Nxe5 {the simplest} (25... Qe8 26. Ba1 $3 {
now it looks very bad for him, as 26...Bf6 loses to 27.Qc4, but the computer
suggests Black can hold with 26...Bg5!! Maybe.} (26. Bb2 Bf6 $1 {now my queen
has to protect the bishop, hence there is no better way than} 27. f3 Ne3 28.
Nxe3 Bxb2 29. Qxb2 Qe7 {and Black holds})) 26. Rxd8 Bxd8 27. Nxh6+ Kg7 28. Nf5+
{and here the brave} Kf6 {leads to a dynamic equality or a draw after} 29. Nh4
$1 Bc7 (29... Kg7 30. Nf5+ Kf6) 30. Qf5+ Ke7 31. Re1 Rad8 32. Rxe5 Bxe5 33.
Qxe5 Rd5 34. Nf5+ Kd7 35. Qf6 c3 $1 36. Ne3 Rxh5 37. Qxc3 $11) 24. Nxh6+ Kh8
25. Nf5 {There was another option:} (25. Qf3 {but I noticed 25...Nd7 (all
other moves make little sense, although Black should not lose after 25...dxc4
as well)} Nd7 26. Bxg7+ Kxg7 27. Nf5+ Kh8 28. cxd5 {and stopped around here,
not trusting my compensation. Correct judgment - even if Black has still to
play a couple of good moves to consolidate.} Bxb4 {very cool.} 29. dxc6 bxc6
30. Qxc6 Nf6 {and White will suffer.}) 25... dxc4 $1 {Strong one. I saw that I
regain a piece there, and was under the illusion - it would be good for me.
But in fact it is just equal. Fabiano made the decision to take on c4 very
quickly - kudos to his intuition, as this is the only way to keep the balance,
although during the game it was not evident. It has to be said that I also
relied largely on my intuition while sacrificing a piece. The attempts to
supply it with the concrete lines were partly successful, but I can't really
say I controlled it all. Well, I could pretend I did - but you'd better don't
trust those commentators who claim they saw it all from the beginning!} 26. Qf3
Qd3 27. Qxd3 cxd3 28. Nxe7 Nfxh5 {Now White has several ways to regain the
pawn on d3, but I could not be really selective - being down to the last
couple of minutes to reach move 40...} 29. g4 Rfe8 {Only move, but a
sufficient one.} 30. Rae1 Kh7 $1 31. Bxg7 Kxg7 32. gxh5 Kf6 33. Re3 $2 (33.
Nxc6 bxc6 34. Rxe8 Rxe8 35. Rd1 Rd8 36. Kf1 {is just a draw, as I am in time
to get to d2, but I panicked in a time trouble, and ended up in a bad endgame.}
) 33... Rxe7 34. Rxd3 Re5 35. Rf3+ (35. Rd6+ {is still a fairly easy draw, but
with my king exposed it seemed too dangerous to send the shielding rook far
away.}) 35... Ke6 36. Rh3 Rh8 37. h6 Rg5+ 38. Kh2 Rg6 39. Re1+ Kd7 40. Rd1+ Kc7
41. h7 Rg7 {Finally we made it to the time-control. Is it lost or can White
hold with the best play? I still don't have an answer. What I know for sure,
that at some point I was losing, but Fabiano missed it. Did I miss the
stronger defence - sure. Was it good enough to hold? I don't have an answer
yet - probably I will need to dedicate a separate commentary/article to the
ensuing endgame. Meanwhile I will just point out for you the critical
junctures.} 42. Rdd3 $1 (42. Rd4 Rgxh7 43. Rxh7 Rxh7+ 44. Kg3 {but I disliked
42...b5, and thought it might be useful to have the rook on the third rank
there.}) 42... b5 (42... Rgxh7 43. Rxh7 Rxh7+ 44. Kg3 Rg7+ (44... Rh5 $5 45.
Rf3 Rg5+ 46. Kf4 Rb5 {and now I have both 47.a3 and 47.a4, and maybe both of
them are sufficient to draw, but it could be that both of them are losing.})
45. Kf4 Rg2 46. Rf3 {was the line I expected. Probably White should hold.}) 43.
Rdf3 $1 Rgxh7 44. Rxh7 Rxh7+ 45. Kg3 Kb6 46. Rf6 $1 Rh1 47. Rxf7 $2 (47. f4 $1
{that probably was the way to draw. Not allowing the unpleasant intermediate
check which happened in the game.} Rg1+ 48. Kf3 {and when the pawn race starts
my king will control the vitally important f2- and f1-squares.}) 47... Rg1+ $1
48. Kh4 (48. Kf4 Ra1 49. Ke5 Rxa2 50. f4 Re2+ 51. Kd4 Rd2+ 52. Ke5 a5 {and
Black is probably winning.}) 48... Ra1 49. f4 Rxa2 50. f5 a5 (50... Ra4 51. f6
Rxb4+ 52. Kg5 Rb1 {is also winning as confirmed by the engines.}) 51. bxa5+
Rxa5 52. Rf8 b4 53. Kg4 Kc7 $2 {Engines claim, that both 53...Kb7 and 53...Ra7
win - and that is true. It is just not very simple to understand why. No,
there are no mysterious moves like it happens with 6-7 pieces tablebases, but
the lines are still rather complex. That said, Caruana's choice is still far
from the best, as White now has two ways to draw it.} 54. f6 Kd7 55. Rc8 $1 {
Nice one, but the simple 55.f7 Ke7 56.Rc8 was also enough.} Ke6 {Draw agreed.
I enjoyed the game - although it left more questions than answers. And even
after annotating it, it feels like some treasures remain hidden. I'd suggest
to anyone working on rook endgames to take a close look on this ending - not
waiting for my article to appear. After all, it is only your own work that
really counts!} 1/2-1/2